| 000 | 00537nmm a22001937a 4500 | ||
|---|---|---|---|
| 005 | 20160523103707.0 | ||
| 008 | 150618b xxu||||| |||| 00| 0 spa d | ||
| 041 | _aspa | ||
| 082 | _aDE 64 | ||
| 100 |
_aPrendas Cubero, Anthony _910114 |
||
| 245 | _aInforme de práctica supervisada realizado en Área de Salud, Cartago | ||
| 260 | _c2014 | ||
| 650 |
_aCOSTA RICA _910115 |
||
| 650 |
_aADMINISTRACIÓN DE EMPRESAS _9521 |
||
| 650 |
_aRECURSOS HUMANOS _910116 |
||
| 650 |
_aARCHIVO _93521 |
||
| 650 |
_aEXPEDIENTES _93547 |
||
| 942 | _cIP | ||
| 999 |
_c8156 _d8156 |
||